<?xml version="1.0" encoding="UTF-8"?>
<record
    xmlns:xsi="http://www.w3.org/2001/XMLSchema-instance"
    xsi:schemaLocation="http://www.loc.gov/MARC21/slim http://www.loc.gov/standards/marcxml/schema/MARC21slim.xsd"
    xmlns="http://www.loc.gov/MARC21/slim">

  <leader>01862cam a22002413a 4500</leader>
  <controlfield tag="001">3228</controlfield>
  <controlfield tag="003">PGUSA</controlfield>
  <controlfield tag="005">20140828083029.0</controlfield>
  <controlfield tag="008">020501s2002||||xxu|||||s|||||000 p eng d</controlfield>
  <datafield tag="040" ind1=" " ind2=" ">
    <subfield code="a">PGUSA</subfield>
    <subfield code="b">eng</subfield>
  </datafield>
  <datafield tag="042" ind1=" " ind2=" ">
    <subfield code="a">dc</subfield>
  </datafield>
  <datafield tag="050" ind1=" " ind2="4">
    <subfield code="a">PS</subfield>
  </datafield>
  <datafield tag="100" ind1="1" ind2=" ">
    <subfield code="a">Wilcox, Ella Wheeler,</subfield>
    <subfield code="d">1850-1919</subfield>
  </datafield>
  <datafield tag="245" ind1="1" ind2="0">
    <subfield code="a">Poems of Progress</subfield>
    <subfield code="h">[electronic resource] /</subfield>
    <subfield code="c">Ella Wheeler Wilcox</subfield>
  </datafield>
  <datafield tag="260" ind1=" " ind2=" ">
    <subfield code="b">Project Gutenberg,</subfield>
    <subfield code="c">2002</subfield>
  </datafield>
  <datafield tag="505" ind1="0" ind2=" ">
    <subfield code="a">Preface -- The land between -- Love's mirage -- The need of the world -- The Gulf Stream -- Remembered -- Helen of Troy -- Lais when young -- Lais when old -- Existence -- Holiday songs -- Astrolabius -- Completion -- Sleep's treachery -- Art versus Cupid -- The revolt of Vashti -- The choosing of Esther -- Honeymoon scene -- The cost -- The voice -- God's answer -- The edict of the sex -- The world-child -- The heights -- On seeing 'The house of Julia' at Herculaneum -- A prayer -- What is right living? -- Justice -- Time's gaze -- The worker and the work -- Art thou alive? -- To-day -- The ladder -- Who is a Christian? -- The goal -- The spur -- Awakened! -- Shadows -- The new commandment -- Summer dreams -- The breaking of chains -- December -- 'The way' -- The leader to be -- The greater love -- Thank God for life -- Time enough -- New Year's Day -- Life is a privilege -- In an old art gallery -- True brotherhood -- The decadent -- Lord, speak again -- My heaven -- Life -- God's kin -- Conquest -- The statue -- Sirius -- At Fontainebleau -- The masquerade -- Sympathy -- Intermediary -- Life's car -- Opportunity -- The age of motored things -- New year -- Disarmament -- The call -- A little song.</subfield>
  </datafield>
  <datafield tag="506" ind1=" " ind2=" ">
    <subfield code="a">Public domain in the USA.</subfield>
  </datafield>
  <datafield tag="516" ind1=" " ind2=" ">
    <subfield code="a">Electronic text</subfield>
  </datafield>
  <datafield tag="653" ind1=" " ind2=" ">
    <subfield code="a">American poetry</subfield>
  </datafield>
  <datafield tag="830" ind1=" " ind2="0">
    <subfield code="a">Project Gutenberg</subfield>
    <subfield code="v">3228</subfield>
  </datafield>
  <datafield tag="856" ind1="4" ind2="0">
    <subfield code="u">http://www.gutenberg.org/ebooks/3228</subfield>
  </datafield>
  <datafield tag="942" ind1=" " ind2=" ">
    <subfield code="c">EB</subfield>
  </datafield>
  <datafield tag="999" ind1=" " ind2=" ">
    <subfield code="c">232557</subfield>
    <subfield code="d">232557</subfield>
  </datafield>
  <datafield tag="952" ind1=" " ind2=" ">
    <subfield code="0">0</subfield>
    <subfield code="1">0</subfield>
    <subfield code="4">0</subfield>
    <subfield code="a">GTB</subfield>
    <subfield code="b">GTB</subfield>
    <subfield code="d">2014-08-28</subfield>
    <subfield code="l">0</subfield>
    <subfield code="r">2014-08-28 00:00:00</subfield>
    <subfield code="w">2014-08-28</subfield>
    <subfield code="y">EB</subfield>
  </datafield>
</record>
